000 01021cpmaa2200277 4500
001 mm 79000478
003 DLC
005 20260227111631.0
008 790403|||||||||||| eng
010 _amm 79000478
040 _aDLC
_cDLC
_edacs
_dDLC
072 7 _aC
_2lcmd
100 1 _aChauncey, Charles,
_d1777-1849.
245 0 0 _aCharles Chauncey correspondence,
_f1801.
300 _a1
_fitem.
506 0 _aOpen to research.
545 0 _aLawyer, of Philadelphia, Pa.
546 _aCollection material in English.
520 8 _aLetter from Chauncey to William Smith Shaw relating to national politics.
545 _aCollection material in English.
580 _aForms part of: Miscellaneous Manuscripts collection.
600 1 0 _aShaw, William Smith,
_d1778-1826
_vCorrespondence.
651 0 _aUnited States
_xPolitics and government
_y1801-1809.
999 _c40419
_d40419